[Event "XXVII Actius Vallfogona Open"]
[Site "Vallfogona de Balaguer"]
[Date "2019.09.22"]
[Round "8.7"]
[White "Martinez Lopez, Ivan"]
[Black "Cuartas, Jaime Alexander"]
[Result "1/2-1/2"]
[WhiteElo "2194"]
[BlackElo "2523"]
[Annotator "ChessBase"]
[PlyCount "155"]
[EventDate "2019.09.22"]
[EventCountry "ESP"]
[SourceTitle "playchess.com"]
[Source "ChessBase"]
[SourceQuality "1"]
[TimeControl "900+5"]

1. Nf3 d5 2. c4 c6 3. g3 Nf6 4. Bg2 Bg4 5. Qb3 Qb6 6. Qc2 e6 7. O-O Nbd7 8. b3 Bc5 9. Bb2 O-O 10. Nc3 Qd8 11. d4 Bd6 12. e4 dxe4 13. Nxe4 Nxe4 14. Qxe4 Nf6 15. Qe3 Bxf3 16. Bxf3 Re8 17. Rfe1 a5 18. a3 Bf8 19. Rad1 Qb6 20. Rd2 h6 21. Bd1 Rad8 22. Bc2 c5 23. Red1 a4 24. b4 cxb4 25. Bxa4 bxa3 26. Bxe8 axb2 27. Bb5 Ng4 28. Qf4 h5 29. Rxb2 e5 30. Qf3 Rxd4 31. Rxd4 exd4 32. h3 Nf6 33. Re2 g6 34. Kg2 Kg7 35. Be8 Qd8 36. Bb5 b6 37. Bc6 Bb4 38. Bd5 Qd6 39. g4 hxg4 40. hxg4 d3 41. Qxd3 Nxg4 42. Qd4+ Nf6 43. Qe5 Qd7 44. Re3 Bd6 45. Qc3 Qg4+ 46. Kf1 Bc5 47. Rf3 Bd4 48. Qd3 Be5 49. Qe3 Qd4 50. Qxd4 Bxd4 51. Ra3 Ne8 52. Ke2 Bc5 53. Ra8 Nd6 54. f4 b5 55. cxb5 Nxb5 56. Kd3 Nd6 57. Ra5 Bb4 58. Ra4 Bc5 59. Ke2 Nf5 60. Rc4 Bd6 61. Kf3 Ne7 62. Be4 f5 63. Bc2 Kf6 64. Bb3 g5 65. fxg5+ Kxg5 66. Rd4 Be5 67. Rd7 Ng6 68. Rd5 Kf6 69. Bc2 Nh4+ 70. Kf2 f4 71. Be4 Ke6 72. Rd1 Kf6 73. Rh1 Bd4+ 74. Ke2 Kg5 75. Rxh4 Kxh4 76. Kf3 Kg5 77. Bd5 Be3 78. Be4 1/2-1/2

[Event "XXVII Actius Vallfogona Open"]
[Site "Vallfogona de Balaguer"]
[Date "2019.09.22"]
[Round "8.8"]
[White "Masague Artero, Guerau"]
[Black "Cruz, Filemon"]
[Result "1/2-1/2"]
[WhiteElo "2265"]
[BlackElo "2320"]
[Annotator "NA"]
[PlyCount "34"]
[EventDate "2019.09.22"]
[EventCountry "ESP"]
[SourceTitle "playchess.com"]
[Source "ChessBase"]
[SourceQuality "1"]
[TimeControl "900+5"]

1. Nf3 Nf6 2. g3 b6 3. Bg2 Bb7 4. d4 e6 5. O-O c5 6. dxc5 Bxc5 7. c4 O-O 8. Nc3 a6 9. Bf4 d5 10. Ne5 h6 11. Qc2 Qe7 12. cxd5 Nxd5 13. Nxd5 exd5 14. Nd3 Nc6 15. Rfe1 Nd4 16. Qd2 Ne6 17. a3 Bc8 1/2-1/2

[Event "XXVII Actius Vallfogona Open"]
[Site "Vallfogona de Balaguer"]
[Date "2019.09.22"]
[Round "8.9"]
[White "Hernandez, Cristian Andres"]
[Black "Sole Pijuan, Ferran"]
[Result "1-0"]
[WhiteElo "2394"]
[BlackElo "2135"]
[Annotator "TA"]
[PlyCount "145"]
[EventDate "2019.09.22"]
[EventCountry "ESP"]
[SourceTitle "playchess.com"]
[Source "ChessBase"]
[SourceQuality "1"]

{[%evp 12,149,27,29,33,29,34,39,69,41,62,65,52,71,57,5,58,0,0,0,0,0,0,0,-3,-20,19,23,18,18,46,54,72,68,157,174,159,-13,22,0,0,-121,0,0,0,-129,-8,-12,8,0,0,-34,0,0,48,-75,-75,-75,-75,-76,0,-104,73,73,73,73,133,136,322,89,89,89,833,818,808,754,585,22,21,22,14,0,0,0,11,11,11,0,8,14,14,14,71,52,327,0,0,0,0,0,0,0,0,0,0,0,0,0,0,0,0,0,0,0,0,0,0,0,0,0,0,0,0,0,0,0,0,0,0,0,7470,12795,29988,29989,29989,29990,29990,29987,29987,29988]} 1. d4 d5 2. Nf3 Nf6 3. c4 c6 4. e3 Bf5 5. Nc3 e6 6. Nh4 Be4 7. f3 Bg6 {D12: Slav Defence: 3 Nf3 Nf6 4 e3 Bf5} 8. g3 (8. Qb3 Qc7 9. Bd2 Be7 10. O-O-O dxc4 11. Bxc4 b5 12. Be2 a6 13. Nxg6 hxg6 14. Ne4 Nxe4 15. fxe4 c5 16. d5 exd5 17. exd5 {½-½ (38) Ding,L (2811)-Shankland,S (2705) chess.com INT 2019}) 8... Bd6 9. Qb3 Qc7 {White is slightly better.} 10. Bd2 a6 11. c5 $146 ({Predecessor:} 11. Nxg6 hxg6 12. f4 Nbd7 13. Bg2 Rc8 14. c5 Be7 15. Qc2 Nh5 16. g4 Bh4+ {1-0 (50) Perunovic,M (2419)-Ganaus,H (2245) Senta 2008}) 11... Be7 12. Nxg6 hxg6 13. f4 (13. Na4 $14) 13... g5 (13... a5 $11) 14. Bd3 (14. fxg5 $14 Nh5 15. Ne2 Bxg5 16. Qa3) 14... gxf4 $11 15. exf4 Nbd7 16. Qd1 b6 17. b4 a5 18. a3 axb4 19. axb4 Rxa1 20. Qxa1 bxc5 21. bxc5 Ng4 22. h3 f5 (22... Bf6 $14) 23. Ke2 Ngf6 24. g4 $2 ({White must play} 24. Qa8+ $16 Bd8 25. Bc2) 24... Ne4 25. Nxe4 fxe4 26. Bc2 (26. Qa8+ $11 Bd8 27. Ba6) 26... Qb7 (26... O-O $1 $17 {And now ...g5! would win.} 27. Qa5 Qxa5 28. Bxa5 Ra8) 27. Rb1 Qc8 28. Qa3 (28. Rb3 $1 $11) 28... Bf6 ({Black should play} 28... g5 $1 $17 {...gxf4 is the strong threat.} 29. Ra1 (29. fxg5 e5 $17) 29... gxf4 30. Bxf4 e5) 29. Rb4 $1 Kf7 30. Kf1 Be7 31. Rb3 Qa8 32. Bd1 Rb8 33. Qb2 (33. Qxa8 $14 {stays ahead.} Rxa8 34. g5) 33... Qa6+ $17 34. Kg2 Rxb3 35. Qxb3 {[#]} Bf6 (35... Qa1 $1 $17 36. Qa4 Qb2) 36. Be3 (36. Qc3 $1 $11) 36... Bd8 $2 {[#]} (36... Qa1 $17 {stays on course.} 37. f5 exf5) 37. g5 $1 $16 g6 38. h4 Qa1 ({Black should try} 38... Bc7) 39. h5 Qa6 $2 (39... Nf8 $16 40. hxg6+ Kxg6) 40. h6 $2 (40. hxg6+ $18 {and White stays clearly on top.} Kxg6 41. Bg4) 40... Bc7 41. Kf2 Qb5 $2 {[%mdl 8192]} (41... Nf8 $16) 42. Qxb5 $18 cxb5 {[%mdl 4096] Endgame KBB-KBN} 43. Be2 b4 44. Bb5 $2 (44. Ke1 $18 {Hoping for Kd2.} b3 45. Kd2) 44... b3 $1 $11 {[%cal Rb3b2]} 45. Bc1 ({But not} 45. Bxd7 $2 b2 $19) 45... Bxf4 $1 46. Bb2 Nf8 47. Ba4 Bxg5 48. c6 Bd8 49. Ba3 Bc7 50. Bxb3 Nh7 $1 51. Bd1 g5 (51... Nf6 $11 {remains equal.}) 52. Bh5+ $16 Kg8 $2 {[%mdl 8192]} ({Better is} 52... Kf6 $14) 53. Be8 $2 (53. Be7 $18) 53... Nf6 $11 54. Bd7 $1 Nxd7 55. cxd7 {Threatens to win with Be7. KB-KB} Bd8 56. Kg3 $1 Kh7 57. Bf8 $1 Kg8 58. Bd6 Kh7 59. Bf8 $1 Kg8 60. Bg7 Kh7 61. Kg4 Kg6 62. Bf8 Kh7 63. Bg7 Kg6 64. Bf8 $1 Kh7 65. Bg7 Kg6 66. Bf8 Kh7 67. Bg7 Kg6 68. Bf8 Kh7 69. Bg7 Kg6 70. Bf8 e5 $2 {[%mdl 8192]} (70... Kh7 $11) 71. dxe5 $18 {Threatening mate with h7!} d4 72. e6 {White mates.} Kf6 73. h7 {Played: e6-e7} 1-0

[Event "XXVII Actius Vallfogona Open"]
[Site "Vallfogona de Balaguer"]
[Date "2019.09.22"]
[Round "8.10"]
[White "Esplugas Esteve, Vicenc"]
[Black "Velez Romero, Juan Luis"]
[Result "0-1"]
[WhiteElo "2372"]
[BlackElo "2040"]
[Annotator "NA"]
[PlyCount "62"]
[EventDate "2019.09.22"]
[EventCountry "ESP"]
[SourceTitle "playchess.com"]
[Source "ChessBase"]
[SourceQuality "1"]
[TimeControl "900+5"]

1. d4 c5 2. d5 Nf6 3. c4 e5 4. Nc3 d6 5. e4 Be7 6. Bd3 Nbd7 7. Nge2 Nf8 8. h4 h5 9. f3 Ng6 10. g3 a6 11. a3 Bd7 12. b4 b6 13. Rb1 Rb8 14. Bd2 O-O 15. Kf2 Qc7 16. Qc2 b5 17. bxc5 bxc4 18. c6 cxd3 19. Qxd3 Bc8 20. Rxb8 Qxb8 21. Rb1 Qc7 22. Na4 Bd8 23. Nb6 Ne8 24. Kg2 f5 25. Nc4 fxe4 26. fxe4 Qf7 27. Qe3 Bg4 28. Bb4 Qf3+ 29. Qxf3 Bxf3+ 30. Kh2 Bxe4 31. Nc3 Bxb1 0-1

[Event "XXVII Actius Vallfogona Open"]
[Site "Vallfogona de Balaguer"]
[Date "2019.09.22"]
[Round "9"]
[White "Henriquez Villagra, Cristobal"]
[Black "Oliva Castaneda, Kevel"]
[Result "1-0"]
[WhiteElo "2587"]
[BlackElo "2470"]
[Annotator "TA"]
[PlyCount "79"]
[EventDate "2019.09.22"]
[EventCountry "ESP"]
[SourceTitle "playchess.com"]
[Source "ChessBase"]
[SourceQuality "1"]

{[%evp 9,79,-33,-12,-2,-10,-13,0,0,31,9,0,0,17,11,19,5,5,4,24,9,45,28,14,24,33,11,21,0,5,0,36,0,33,7,25,0,18,0,11,-4,0,-26,0,-21,-17,-31,0,0,60,60,60,68,53,53,104,110,91,30,142,130,285,291,291,232,231,181,657,660,654,643,29975,29976]} 1. Nf3 d5 2. b3 c6 3. Bb2 Bg4 4. Ne5 Bf5 5. g3 (5. e3 Nd7 6. Nxd7 Qxd7 7. Be2 e6 8. d3 Nf6 9. Nd2 Qc7 10. Nf3 Bb4+ 11. c3 Be7 {1-0 (79) Nakamura,H (2787)-Giri,A (2782) Paris 2016}) 5... Nd7 $146 (5... f6 {is more complex.} 6. Nf3 e5 7. Bg2 Bd6 8. d3 Ne7) ({Predecessor:} 5... f6 6. Nf3 e5 7. Bg2 c5 8. d3 Nc6 9. Nbd2 Be6 10. e4 d4 11. a4 Nge7 {½-½ (35) Harrison,J-Shalumov,O Dos Hermanas 2003}) 6. Nxd7 {A06: Réti Opening:1 Nf3 d5} Qxd7 7. d3 Nf6 8. Nd2 {The position is equal.} Bh3 9. Nf3 Bxf1 10. Kxf1 e6 11. Kg2 Be7 12. c4 O-O 13. Qc2 Ne8 14. e4 Bf6 15. e5 Be7 16. h4 f5 17. Bc1 Nc7 18. Be3 c5 19. Qe2 Na6 20. Bg5 Rae8 21. Rhd1 d4 22. Rh1 Qc6 23. Kg1 Nb8 24. Bf4 Nd7 25. h5 a6 26. Nd2 b5 27. Qf3 Rc8 28. Kg2 Bd8 (28... Qxf3+ $11 29. Nxf3 bxc4) 29. Qxc6 $14 Rxc6 30. cxb5 $1 axb5 31. a4 Rb6 (31... b4 $14) 32. axb5 $16 Rxb5 33. Ra6 (33. Ra7 $16 Nb6 34. h6) 33... Rb6 (33... Nb6 $1 $11) 34. Rha1 Re8 $2 (34... Nb8 $16 35. Rxb6 Bxb6) 35. Ra7 $18 Nb8 36. h6 gxh6 37. Bxh6 {[#] Hoping for Rg7+.} Nc6 $2 (37... Re7 38. Ra8 Rd7) 38. Rg7+ Kh8 39. Nc4 {Nd6 is the strong threat.} Rxb3 {If Black can now play ...Re7 this consolidates a bit.} 40. Nd6 {Accuracy: White = 41%, Black = 16%.} 1-0

[Event "XXVII Actius Vallfogona Open"]
[Site "Vallfogona de Balaguer"]
[Date "2019.09.22"]
[Round "9"]
[White "Munoz, Miguel"]
[Black "Trepat Herranz, Joan"]
[Result "1-0"]
[WhiteElo "2519"]
[BlackElo "2395"]
[Annotator "ChessBase"]
[PlyCount "92"]
[EventDate "2019.09.22"]
[EventCountry "ESP"]
[SourceTitle "playchess.com"]
[Source "ChessBase"]
[SourceQuality "1"]
[TimeControl "900+5"]

1. e4 e5 2. d4 exd4 3. Qxd4 Nc6 4. Qe3 g6 5. Nc3 Bg7 6. b3 Nge7 7. Bb2 O-O 8. O-O-O Re8 9. Kb1 d6 10. h4 h5 11. Nf3 Bg4 12. Bc4 a6 13. Qf4 Rf8 14. Ng5 Ne5 15. Be2 Bxe2 16. Nxe2 N7c6 17. f3 Qd7 18. Qg3 f6 19. Nh3 Qf7 20. Nhf4 a5 21. Qh3 a4 22. g4 hxg4 23. fxg4 axb3 24. axb3 Nb4 25. Nd4 Rfe8 26. h5 g5 27. h6 Bh8 28. h7+ Kf8 29. Nf5 Reb8 30. Nd5 Nxd5 31. exd5 Ra5 32. Nh6 Qg6 33. Qg2 Rba8 34. Nf5 Qe8 35. Nd4 Ke7 36. Qe4 Qf7 37. c4 Kd7 38. Qf5+ Ke7 39. Rde1 Kf8 40. Ne6+ Ke8 41. Rh6 b5 42. c5 b4 43. Rd1 c6 44. cxd6 Qa7 45. Nc7+ Kd8 46. Nxa8 Qf7 1-0

[Event "XXVII Actius Vallfogona Open"]
[Site "Vallfogona de Balaguer"]
[Date "2019.09.22"]
[Round "9"]
[White "Movsziszian, Karen"]
[Black "Moskalenko, Viktor"]
[Result "0-1"]
[WhiteElo "2475"]
[BlackElo "2475"]
[Annotator "TA"]
[PlyCount "91"]
[EventDate "2019.09.22"]
[EventCountry "ESP"]
[SourceTitle "playchess.com"]
[Source "ChessBase"]
[SourceQuality "1"]

{[%evp 15,91,0,13,2,22,19,56,25,27,20,24,12,61,48,115,118,122,115,116,116,110,111,112,105,105,107,120,104,128,106,145,134,145,119,124,116,165,111,195,194,195,194,258,226,227,227,261,215,208,0,0,-232,-210,-1082,-1082,-1014,-1007,-1002,-998,-943,-942,-933,-933,-710,-689,-29979,-29980,-29979,-29980,-29990,-29991,-29991,-29992,-29995,-33,-29996,-29997,-29999]} 1. g3 g6 2. Bg2 Bg7 3. d3 e5 4. c4 Ne7 5. Nc3 d6 6. Nf3 c5 7. O-O Nbc6 8. a3 a5 9. Rb1 {A37: Symmetrical English vs ...g6: 4 Bg2 Bg7 5 Nf3} (9. Bd2 O-O 10. Rb1 Be6 11. Ng5 Bc8 12. Nb5 f5 13. Nf3 h6 14. b4 axb4 15. axb4 b6 16. Ne1 Be6 17. Nc2 Rb8 18. Nc3 {1-0 (51) Giri,A (2762)-Lupulescu,C (2620) Heraklio 2017}) 9... h6 10. Ne1 Be6 11. Nd5 {White is slightly better.} O-O 12. Nc2 Rb8 13. b4 axb4 (13... b5 {keeps more tension.} 14. Bd2 axb4 15. axb4 Qd7 16. bxc5 dxc5 17. e4 bxc4 18. dxc4 Kh7) 14. axb4 Bxd5 $146 (14... f5 $14) ({Predecessor:} 14... Nd4 15. bxc5 dxc5 16. Nc3 b6 17. Nxd4 Qxd4 18. Nb5 Qd7 19. Ra1 {½-½ (48) Markelova,L (2199)-Vifleemskaia,S (1969) Sochi 2019}) 15. cxd5 $16 Nxb4 16. Nxb4 cxb4 17. Rxb4 b5 18. Bd2 Qd7 19. Qb3 Rb7 20. Ra1 Rfb8 21. e4 Nc8 22. Be3 f5 23. Bh3 Kh8 24. f3 Qf7 25. Bf2 h5 26. Ra5 (26. Ra6 $18) 26... Rc7 (26... Qd7 $16 27. Be3 Ne7) 27. Rbxb5 $18 Rxb5 28. Rxb5 Bh6 (28... Qd7 $142 29. Rb4 Ne7 30. Rb8+ Kh7) 29. Rb8 {Threatens to win with d4.} Kh7 30. Kg2 Bg5 31. Qa4 Rc3 32. Qa6 $2 ({White should play} 32. Qa1 $18 Rc7 33. Qa8) 32... fxe4 $11 33. Rxc8 $2 (33. f4 $1 $11 exf4 34. Rxc8 Rxc8 35. Qxc8 (35. Bxc8 e3 $11) 35... fxg3 36. hxg3 Qf3+ {[%mdl 64] Double Attack} 37. Kg1 Qd1+ 38. Kh2) 33... Rxc8 $19 34. Qxc8 $2 (34. dxe4 Rc3 35. Qe2) 34... Qxf3+ {[%mdl 64] Double Attack} 35. Kg1 {[#]} e3 $1 {[%cal Re3f2]} 36. Qc2 exf2+ 37. Kf1 Qh1+ {[%mdl 64] Double Attack} 38. Kxf2 Qxh2+ 39. Bg2 h4 40. gxh4 Bxh4+ 41. Kf1 Qf4+ 42. Kg1 Qe3+ 43. Kh1 Qe1+ 44. Kh2 {[#]} Bg3+ $1 45. Kh3 Bf4 {[%csl Gf4][%cal Re1g3]} 46. Bf1 {Accuracy: White = 50%, Black = 48%.} 0-1

[Event "XXVII Actius Vallfogona Open"]
[Site "Vallfogona de Balaguer"]
[Date "2019.09.22"]
[Round "9"]
[White "Cruz, Jonathan"]
[Black "Rahal, Michael A"]
[Result "0-1"]
[WhiteElo "2409"]
[BlackElo "2309"]
[Annotator "NA"]
[PlyCount "78"]
[EventDate "2019.09.22"]
[EventCountry "ESP"]
[SourceTitle "playchess.com"]
[Source "ChessBase"]
[SourceQuality "1"]
[TimeControl "900+5"]

1. e4 e6 2. Nc3 d5 3. Nf3 dxe4 4. Nxe4 Bd7 5. d4 Bc6 6. Bd3 Nd7 7. O-O Ngf6 8. Qe2 Bxe4 9. Bxe4 Nxe4 10. Qxe4 c6 11. c4 Be7 12. Bf4 O-O 13. Rad1 Qb6 14. Qe2 Rfe8 15. Rd3 Qa6 16. Ne5 Nxe5 17. Bxe5 f6 18. Bg3 Qxc4 19. b3 Qd5 20. Re3 Bf8 21. Re4 Rad8 22. Rc1 Bd6 23. Bxd6 Qxd6 24. Rc5 b6 25. Rh5 g6 26. Rh3 c5 27. Rd3 f5 28. Rh4 e5 29. d5 e4 30. Rd1 Qf6 31. Rh3 Re5 32. g4 f4 33. Rc3 e3 34. fxe3 f3 35. Qc4 f2+ 36. Kg2 Rf8 37. d6+ Kg7 38. Qf4 Qxf4 39. exf4 Re1 0-1

[Event "XXVII Actius Vallfogona Open"]
[Site "Vallfogona de Balaguer"]
[Date "2019.09.22"]
[Round "9"]
[White "Hernandez, Cristian Andres"]
[Black "Sole Pijuan, Ferran"]
[Result "1-0"]
[WhiteElo "2394"]
[BlackElo "2135"]
[Annotator "NA"]
[PlyCount "149"]
[EventDate "2019.09.22"]
[EventCountry "ESP"]
[SourceTitle "playchess.com"]
[Source "ChessBase"]
[SourceQuality "1"]
[TimeControl "900+5"]

1. d4 d5 2. Nf3 Nf6 3. c4 c6 4. e3 Bf5 5. Nc3 e6 6. Nh4 Be4 7. f3 Bg6 8. g3 Bd6 9. Qb3 Qc7 10. Bd2 a6 11. c5 Be7 12. Nxg6 hxg6 13. f4 g5 14. Bd3 gxf4 15. exf4 Nbd7 16. Qd1 b6 17. b4 a5 18. a3 axb4 19. axb4 Rxa1 20. Qxa1 bxc5 21. bxc5 Ng4 22. h3 f5 23. Ke2 Ngf6 24. g4 Ne4 25. Nxe4 fxe4 26. Bc2 Qb7 27. Rb1 Qc8 28. Qa3 Bf6 29. Rb4 Kf7 30. Kf1 Be7 31. Rb3 Qa8 32. Bd1 Rb8 33. Qb2 Qa6+ 34. Kg2 Rxb3 35. Qxb3 Bf6 36. Be3 Bd8 37. g5 g6 38. h4 Qa1 39. h5 Qa6 40. h6 Bc7 41. Kf2 Qb5 42. Qxb5 cxb5 43. Be2 b4 44. Bb5 b3 45. Bc1 Bxf4 46. Bb2 Nf8 47. Ba4 Bxg5 48. c6 Bd8 49. Ba3 Bc7 50. Bxb3 Nh7 51. Bd1 g5 52. Bh5+ Kg8 53. Be8 Nf6 54. Bd7 Nxd7 55. cxd7 Bd8 56. Kg3 Kh7 57. Bf8 Kg8 58. Bd6 Kh7 59. Bf8 Kg8 60. Bg7 Kh7 61. Kg4 Kg6 62. Bf8 Kh7 63. Bg7 Kg6 64. Bf8 Kh7 65. Bg7 Kg6 66. Bf8 Kh7 67. Bg7 Kg6 68. Bf8 Kh7 69. Bg7 Kg6 70. Bf8 e5 71. dxe5 d4 72. e6 Kf6 73. e7 Bxe7 74. Bxe7+ Kxe7 75. h7 1-0

[Event "XXVII Actius Vallfogona Open"]
[Site "Vallfogona de Balaguer"]
[Date "2019.09.22"]
[Round "9"]
[White "Martinez Lopez, Ivan"]
[Black "Cuartas, Jaime Alexander"]
[Result "1/2-1/2"]
[WhiteElo "2194"]
[BlackElo "2523"]
[Annotator "TA"]
[PlyCount "155"]
[EventDate "2019.09.22"]
[EventCountry "ESP"]
[SourceTitle "playchess.com"]
[Source "ChessBase"]
[SourceQuality "1"]

{[%evp 9,155,13,13,-23,0,-2,12,15,17,5,8,3,17,-35,36,31,32,36,30,30,43,43,54,36,37,38,38,40,45,45,52,28,38,35,34,0,23,27,85,89,72,78,70,74,62,72,177,157,144,84,75,76,73,81,143,145,135,65,70,65,67,52,86,0,86,86,86,86,75,17,23,27,56,57,57,25,25,25,43,39,42,20,27,25,42,39,43,21,53,50,58,58,59,58,58,47,59,48,48,43,43,43,43,20,42,40,43,43,43,36,43,36,38,35,43,27,27,27,43,24,24,24,24,20,24,24,24,22,24,24,27,26,40,28,40,28,39,27,27,27,20,-8,-8,-8,-8,-8,-8,-8]} 1. Nf3 d5 2. c4 c6 3. g3 Nf6 4. Bg2 Bg4 5. Qb3 Qb6 6. Qc2 {A11: English Opening: 1...c6} e6 7. O-O Nbd7 8. b3 (8. d3 dxc4 9. dxc4 Bf5 10. Qb3 Bc5 11. Nc3 O-O 12. Na4 Qxb3 13. axb3 Bb4 14. Nd4 {1-0 (44) Svidler,P (2760)-Andreikin,D (2712) Moscow 2018}) 8... Bc5 $146 ({Predecessor:} 8... Be7 9. Bb2 O-O 10. d3 Rfd8 11. Nbd2 h6 12. cxd5 cxd5 13. Rac1 Qa6 14. Rfe1 {½-½ (110) Akopian,V (2648)-Meier,G (2654) Berlin 2015}) 9. Bb2 O-O 10. Nc3 Qd8 11. d4 (11. e3 $11) 11... Bd6 (11... Bxf3 $15 12. dxc5 Bxg2 13. Kxg2 Nxc5) 12. e4 $14 dxe4 13. Nxe4 Nxe4 14. Qxe4 Nf6 15. Qe3 Bxf3 16. Bxf3 Re8 17. Rfe1 a5 18. a3 Bf8 19. Rad1 Qb6 20. Rd2 h6 21. Bd1 Rad8 22. Bc2 c5 23. Red1 $36 {[%mdl 2048] White fights for an advantage.} a4 (23... Qc6 $11) 24. b4 $16 cxb4 25. Bxa4 bxa3 26. Bxe8 axb2 27. Bb5 Ng4 (27... e5 $16 {was called for.}) 28. Qf4 h5 {[#]} 29. Rxb2 ({White should play} 29. h3 $1 {[%cal Rh3g4]} e5 30. Qe4) 29... e5 30. Qf3 Rxd4 31. Rxd4 exd4 (31... Qxd4 $142 32. Re2 h4) 32. h3 Nf6 33. Re2 (33. Ra2 $16) 33... g6 $14 34. Kg2 Kg7 35. Be8 Qd8 36. Bb5 (36. Ba4 $16) 36... b6 (36... Qb6 $11 {keeps the balance.}) 37. Bc6 $16 Bb4 38. Bd5 Qd6 39. g4 (39. Rb2 $16) 39... hxg4 $11 40. hxg4 d3 41. Qxd3 {Strongly threatening g5.} Nxg4 42. Qd4+ (42. Qg3 $5 {[%cal Rg3g4]} Nf6 43. Qxd6 Bxd6 44. Ba8 $16) 42... Nf6 43. Qe5 Qd7 44. Re3 Bd6 45. Qc3 Qg4+ 46. Kf1 Bc5 47. Rf3 Bd4 48. Qd3 Be5 49. Qe3 Qd4 50. Qxd4 Bxd4 $14 {[%mdl 4096] Endgame KRB-KBN} 51. Ra3 Ne8 52. Ke2 Bc5 53. Ra8 Nd6 $1 54. f4 b5 55. cxb5 Nxb5 56. Kd3 {[#] And now Ra5 would win.} Nd6 57. Ra5 Bb4 58. Ra4 Bc5 59. Ke2 Nf5 60. Rc4 Bd6 61. Kf3 {aiming for Ra4.} Ne7 62. Be4 f5 63. Bc2 {Ra4 is the strong threat.} Kf6 64. Bb3 {Hoping for Ra4.} g5 65. fxg5+ Kxg5 66. Rd4 Be5 67. Rd7 (67. Rd8 {looks sharper.} Nc6 68. Rg8+ Kf6 69. Rf8+ Kg5 70. Ke3) 67... Ng6 68. Rd5 Kf6 69. Bc2 Nh4+ 70. Kf2 f4 71. Be4 Ke6 72. Rd1 Kf6 73. Rh1 Bd4+ 74. Ke2 Kg5 75. Rxh4 {The position is equal.} Kxh4 76. Kf3 Kg5 77. Bd5 Be3 78. Be4 {Accuracy: White = 55%, Black = 43%.} 1/2-1/2

[Event "XXVII Actius Vallfogona Open"]
[Site "Vallfogona de Balaguer"]
[Date "2019.09.22"]
[Round "9.1"]
[White "Sosa, Tomas"]
[Black "Henriquez Villagra, Cristobal"]
[Result "1/2-1/2"]
[WhiteElo "2524"]
[BlackElo "2587"]
[Annotator "TA"]
[PlyCount "30"]
[EventDate "2019.09.22"]
[EventCountry "ESP"]
[SourceTitle "playchess.com"]
[Source "ChessBase"]
[SourceQuality "1"]

{[%evp 9,30,22,27,21,39,25,44,22,60,48,75,35,32,19,14,17,13,-30,-22,-23,-30,-67,64]} 1. e4 c5 2. Nf3 d6 3. c3 Nf6 4. h3 e6 5. Bd3 b6 (5... d5 6. e5 Nfd7 7. O-O Nc6 8. Re1 Qc7 9. Qe2 Rb8 10. Bc2 b5 11. d3 b4 12. c4 Nb6 13. Nbd2 {1-0 (42) Petrosian,T (2636)-Zhou,J (2636) Martuni 2011}) 6. O-O {B50: Sicilian: 2...d6, Miscellaneous} Bb7 7. Re1 Nbd7 8. Bc2 {White is slightly better.} Qc7 9. d4 Be7 10. Na3 (10. d5 $5) 10... a6 $146 ({Predecessor:} 10... Rd8 11. Qe2 a6 12. e5 dxe5 13. dxe5 {1-0 (48) Ruijgrok,D (2171)-De Groot,M (1947) Leiden 2004}) 11. e5 dxe5 12. dxe5 Nd5 13. Bg5 Bxg5 14. Nxg5 {[#] aiming for Nc4.} Nxe5 {...Nf4 is the strong threat.} 15. Qh5 {Strongly threatening Nxe6.} Nf4 (15... O-O-O $1 $15 16. Nxe6 fxe6 17. Qxe5 Nf4) 1/2-1/2

[Event "XXVII Actius Vallfogona Open"]
[Site "Vallfogona de Balaguer"]
[Date "2019.09.22"]
[Round "9.3"]
[White "Moskalenko, Viktor"]
[Black "Perez Mitjans, Orelvis"]
[Result "1-0"]
[WhiteElo "2475"]
[BlackElo "2409"]
[Annotator "TA"]
[PlyCount "40"]
[EventDate "2019.09.22"]
[EventCountry "ESP"]
[SourceTitle "playchess.com"]
[Source "ChessBase"]
[SourceQuality "1"]

{[%evp 25,40,18,67,73,45,14,21,14,19,19,20,20,20,22,456,460,895]} 1. d4 d5 2. c4 e6 3. Nc3 c5 4. e3 Nf6 5. Nf3 Nc6 6. a3 a6 7. dxc5 Bxc5 8. b4 Ba7 9. Bb2 O-O 10. Qc2 Qe7 11. Rd1 Rd8 12. Be2 dxc4 13. Rxd8+ Qxd8 14. Bxc4 {D40: Queen's Gambit Declined: Semi-Tarrasch with 5 e3} b5 (14... Bd7 15. Ne4 Nxe4 16. Qxe4 Rc8 17. Qg4 g6 18. Qf4 Qe7 19. Bf6 Bb8 20. Qh4 Qf8 21. O-O Re8 {1-0 (29) Winants,L (2534)-Tisdall,J (2437) Rhodes 2013}) 15. Bd3 {Strongly threatening Ne4.} Bb7 16. Ne4 {The position is equal.} Nxe4 $1 17. Bxe4 h6 $146 ({Predecessor:} 17... Rc8 18. Bxh7+ Kf8 19. Qe4 Qe7 20. Qg4 g6 21. O-O e5 22. Bxg6 fxg6 {½-½ (30) Lanin,B (1972)-Trani,F (1979) LSS email 2008}) 18. Bxc6 Rc8 $1 19. Ne5 {[#] And now Qe4 would win.} Qd6 $2 {[%mdl 8192]} (19... Bb8 $1 $11 {and Black has nothing to worry.}) 20. O-O $18 ({Weaker is} 20. Qc3 f6 $11) 20... Qd8 (20... Bxc6 $142 21. Rc1 Bb8 22. Nxc6 Qxh2+ 23. Kf1 Qh1+ 24. Ke2 Qh5+ 25. Ke1 Re8) 1-0